Strange Communists I have known / (Record no. 40835)
[ view plain ]
| 000 -LEADER | |
|---|---|
| fixed length control field | 00720nam a2200253 a 4500 |
| 001 - CONTROL NUMBER | |
| control field | 40835 |
| 003 - CONTROL NUMBER IDENTIFIER | |
| rucl marc code | BD-RjUL |
| 005 - DATE AND TIME OF LATEST TRANSACTION | |
| control field | 20211209053302.0 |
| 008 - FIXED-LENGTH DATA ELEMENTS--GENERAL INFORMATION | |
| fixed length control field | 160510s1965 nyuc b 000 0ceng |
| 035 ## - SYSTEM CONTROL NUMBER | |
| System control number | (BD-RjUL)40950 |
| 040 ## - CATALOGING SOURCE | |
| Original cataloging agency | DLC |
| Transcribing agency | WSU |
| Modifying agency | SER |
| -- | BD-RjUL |
| Language of cataloging | eng |
| 041 ## - LANGUAGE CODE | |
| Language code of text/sound track or separate title | eng |
| 082 ## - DEWEY DECIMAL CLASSIFICATION NUMBER | |
| Classification number | 923.3 |
| Edition number | 23 |
| Author mark and year | WOS 1965 |
| 090 ## - LOCALLY ASSIGNED LC-TYPE CALL NUMBER (OCLC); LOCAL CALL NUMBER (OCLC) | |
| Classification number (OCLC) (R) ; Classification number, CALL (RLIN) (NR) | HX23 |
| Local cutter number (OCLC) ; Book number/undivided call number, CALL (RLIN) | .W83 |
| 100 1# - MAIN ENTRY--PERSONAL NAME | |
| Personal name | Wolfe, Bertram David |
| Dates associated with a name | 1896-1977. |
| 9 (RLIN) | 125656 |
| 245 10 - TITLE STATEMENT | |
| Title | Strange Communists I have known / |
| Statement of responsibility, etc. | Bertram D. Wolfe. |
| 260 ## - PUBLICATION, DISTRIBUTION, ETC. (IMPRINT) | |
| Place of publication, distribution, etc. | London : |
| Name of publisher, distributor, etc. | George allen and unwin ltd., |
| Date of publication, distribution, etc. | [1965] |
| 300 ## - PHYSICAL DESCRIPTION | |
| Pagination | 222 p. : |
| Illustrations | ill ; |
| Size | 25 cm. |
| 504 ## - BIBLIOGRAPHY, ETC. NOTE | |
| Bibliography, etc | Bibliographical footnotes. |
| 650 #0 - SUBJECT ADDED ENTRY--TOPICAL TERM | |
| Topical term or geographic name as entry element | Communists. |
| 9 (RLIN) | 125657 |
| 942 ## - ADDED ENTRY ELEMENTS (KOHA) | |
| Source of classification or shelving scheme | Dewey Decimal Classification |
| Koha item type | Books |
| Lost status | Source of classification or shelving scheme | Damaged status | Not for loan | Collection code | Permanent Location | Current Location | Shelving location | Date acquired | Source of acquisition | Cost, normal purchase price | Total Checkouts | Full call number | Date last seen | Copy number | Koha item type |
|---|---|---|---|---|---|---|---|---|---|---|---|---|---|---|---|
| Dewey Decimal Classification | Non-fiction | Central Library, University of Rajshahi | Central Library, University of Rajshahi | 13/08/1989 | Zaithmyn | 30.00 | 923.3 WOS 1965 | 10/05/2016 | C-2 | Books |